00747nam a2200205 i 450000100060000000300090000600500170001500700030003200800410003510000280007624500740010425000150017826000820019330000320027550000340030765100310034185200310037299900170040395201210042039580ES-MaACL20230906160032.0t|030303s1953 sp ||||1| spa d1 aCanosa, Ramón.93458910aHistoria menuda de un pueblo gallego b: [Vivero] / cRamón Canosa. a[1ª ed.]. aBarcelona : bJuventud, c[1953] (fCasa Provincial de Caridad, Imp. Escuela) a159 p., 8 lám. ; c22 cm. aTitulo tomado de la pág. 5. 4aVivero-xHistoria.9157554 aES-MaACLjD-9297 bR.34608 c39580d39580 00104070aATENEOMbATENEOMcSVId2008-01-17eSCl0oD-9297p901041681r2023-02-23 00:00:00w2023-02-23yMONOGRAFIA